<?xml version="1.0" encoding="UTF-8"?>
<record
    xmlns:xsi="http://www.w3.org/2001/XMLSchema-instance"
    xsi:schemaLocation="http://www.loc.gov/MARC21/slim http://www.loc.gov/standards/marcxml/schema/MARC21slim.xsd"
    xmlns="http://www.loc.gov/MARC21/slim">

  <leader>01495nam a22002297a 4500</leader>
  <controlfield tag="005">20250121163441.0</controlfield>
  <controlfield tag="008">250121b           ||||| |||| 00| 0 eng d</controlfield>
  <datafield tag="020" ind1=" " ind2=" ">
    <subfield code="a">9789389802801</subfield>
  </datafield>
  <datafield tag="040" ind1=" " ind2=" ">
    <subfield code="c">AL</subfield>
  </datafield>
  <datafield tag="041" ind1=" " ind2=" ">
    <subfield code="a">eng</subfield>
  </datafield>
  <datafield tag="082" ind1=" " ind2=" ">
    <subfield code="2">23</subfield>
    <subfield code="a">574.5</subfield>
    <subfield code="b">KUME</subfield>
  </datafield>
  <datafield tag="100" ind1=" " ind2=" ">
    <subfield code="a">Anil Kumar De</subfield>
    <subfield code="9">194388</subfield>
  </datafield>
  <datafield tag="245" ind1=" " ind2=" ">
    <subfield code="a">Environmental chemistry</subfield>
  </datafield>
  <datafield tag="250" ind1=" " ind2=" ">
    <subfield code="a">11th ed.</subfield>
  </datafield>
  <datafield tag="260" ind1=" " ind2=" ">
    <subfield code="a">London</subfield>
    <subfield code="b">New Age International Limited Publishers</subfield>
    <subfield code="c">2024</subfield>
  </datafield>
  <datafield tag="300" ind1=" " ind2=" ">
    <subfield code="a">xiv,394p.</subfield>
    <subfield code="b">PB</subfield>
    <subfield code="c">24x16.7cm.</subfield>
  </datafield>
  <datafield tag="365" ind1=" " ind2=" ">
    <subfield code="2">General</subfield>
    <subfield code="a">ABDI/0786/25</subfield>
    <subfield code="b">&#x20B9;337.50</subfield>
    <subfield code="c">&#x20B9;</subfield>
    <subfield code="d">&#x20B9;450.00</subfield>
    <subfield code="e">25%</subfield>
    <subfield code="f">06-01-2025</subfield>
  </datafield>
  <datafield tag="520" ind1=" " ind2=" ">
    <subfield code="a">This book has been thoroughly revised and updated in its present Eleventh Multicolour Edition. Striking a neat balance between environmental chemistry and environmental chemical analysis, the book explains the various dimensions of environmental chemistry including latest concepts and developments in the subject with global and user-friendly approach. Notable additions/features: A new chapter, The Characteristics of Industrial Waste Effluents (Chap 15) Impact of Covid 19 on Environment (Chap 18) With all these inputs, this book will scale new heights of popularity in the academic community comprising BSc. and MSc. students of Chemistry and Biochemistry as well as teachers in the respective subjects. As before, scientists, engineers and researchers will find it a valuable reference source in their profession.</subfield>
  </datafield>
  <datafield tag="650" ind1=" " ind2=" ">
    <subfield code="2">Environmental Chemistry</subfield>
    <subfield code="a">Ecology</subfield>
    <subfield code="9">194389</subfield>
  </datafield>
  <datafield tag="700" ind1=" " ind2=" ">
    <subfield code="a">Kumar, Arnab De</subfield>
    <subfield code="9">194390</subfield>
  </datafield>
  <datafield tag="942" ind1=" " ind2=" ">
    <subfield code="2">ddc</subfield>
    <subfield code="c">BK</subfield>
  </datafield>
  <datafield tag="999" ind1=" " ind2=" ">
    <subfield code="c">233676</subfield>
    <subfield code="d">233676</subfield>
  </datafield>
  <datafield tag="952" ind1=" " ind2=" ">
    <subfield code="0">0</subfield>
    <subfield code="1">0</subfield>
    <subfield code="2">ddc</subfield>
    <subfield code="4">0</subfield>
    <subfield code="7">0</subfield>
    <subfield code="8">GC</subfield>
    <subfield code="a">SACPG</subfield>
    <subfield code="b">SACPG</subfield>
    <subfield code="d">2025-01-20</subfield>
    <subfield code="e">Academic Book Distributors</subfield>
    <subfield code="g">337.50</subfield>
    <subfield code="l">0</subfield>
    <subfield code="o">574.5 KUME</subfield>
    <subfield code="p">PG024796</subfield>
    <subfield code="r">2025-01-21 00:00:00</subfield>
    <subfield code="v">450.00</subfield>
    <subfield code="w">2025-01-21</subfield>
    <subfield code="y">BK</subfield>
  </datafield>
</record>
